Storie greche: la formazione della moderna storiografia sugli antichi Greci
Tallennettuna:
| Päätekijä: | |
|---|---|
| Aineistotyyppi: | Kirja |
| Kieli: | italia |
| Julkaistu: |
Turín, Italia
Einaudi
1997
|
| Sarja: | Biblioteca Einaudi,
11 |
| Aiheet: | |
| Tagit: |
Lisää tagi
Ei tageja, Lisää ensimmäinen tagi!
|
MARC
| LEADER | 00000cam a2200000 a 4500 | ||
|---|---|---|---|
| 001 | UCD9200 | ||
| 003 | CL-VaPUC | ||
| 005 | 20210320001250.0 | ||
| 008 | 170609e19970000it |||||||||||||||||ita|d | ||
| 999 | |c 368457 |d 368455 | ||
| 020 | |a 8806144030 | ||
| 040 | |c Pontificia Universidad Católica de Valparaíso | ||
| 082 | 0 | 4 | |a 938.0072 AMP 1997 |2 21 |
| 100 | 0 | |a Ampolo, Carmine |e author |9 592892 | |
| 245 | 1 | 0 | |a Storie greche: |b la formazione della moderna storiografia sugli antichi Greci |
| 260 | |a Turín, Italia |b Einaudi |c 1997 | ||
| 300 | |a 162 páginas | ||
| 490 | 0 | |a Biblioteca Einaudi, |v 11 | |
| 583 | |a last modification |c 20170609 16:51:00 |k Rodrigo Vera | ||
| 650 | 0 | |a Historia de Grecia |9 267917 | |
| 942 | |c BK |2 ddc | ||
| 945 | |d 20170609 16:51:00 |a dcastane | ||
| 952 | |0 0 |1 0 |2 ddc |3 erb |4 0 |6 938_007200000000000_AMP_1997 |7 0 |8 A |9 483789 |a FDOLAF |b FDOLAF |e Laffi, Umberto, 1939- |i 5396581 |o 938.0072 AMP 1997 |p 5396581 |r 2024-01-30 |t 1 |w 2019-11-24 |y BK |z Catalogado en:20170609 |k LAF | ||